000 00885nam a2200241Ii 4500
003 JO-AjNU
008 230605s9999||||xx |||||||||||||| ||und||
017 _a1999/3/339
020 _a9957-14-005
040 _aJO-AjNU
_bara
_erda
_cJO-AjNU
041 _aara
050 1 4 _aJQ1825.J6.H84.1999
100 3 _aأشراف الحوراني ، هاني ,
_eauthor
_920640
245 0 0 _aحكومة سليمان النابلسي 1956-1957 : أعمال ندوة
250 _a(د،ط)
264 3 1 _aعمان : دار سندباء ،1999
300 _a216ص
336 _atext
_btxt
_2rdacontent
337 _aunmediated
_bn
_2rdamedia
338 _avolume
_bnc
_2rdacarrier
490 0 _aسلسلة الدراسات الاجتماعية والسياسية
650 4 _aالأردن -- سياسة وحكومة -- مؤتمرات -- الأردن -- تراجم -- مؤتمرات
_920641
999 _aA7030
_c10598
_d10598